Normal view MARC view
  • Romeu, Emma,

Entry Nombre Personal

Number of records used in: 1

001 - NUMERO DE CONTROL

  • campo de control: 43460

003 - IDENTIFICADOR DE NUMERO DE CONTROL

  • campo de control: UPN

005 - FECHA Y HORA DE LA ÜLTIMA TRANSACCIÓN

  • campo de control: 20211021130309.0

008 - DATOS DE LONGITUD FIJA

  • campo de control de longitud fija: 211021|g aca||aabn | aaa d

040 ## - FUENTE DE CATALOGACIÓN

  • Agencia original de catalogación: UPN

053 #4 - NÚMERO DE CLASIFICACIÓN LC

  • Número de clasificación elemento-número único o número inicial de tramo: PQ7079.2 R6.5

100 1# - ENCABEZAMIENTO - NOMBRE PERSONAL

  • Nombre personal: Romeu, Emma,
  • Fechas asociadas con el nombre: 1954-

400 1# - VEÁSE - NOMBRE DE PERSONA

  • Personal name: Romeu Riaño, Emma,
  • Dates associated with a name: 1954-

670 ## - FUENTE EN LA QUE SE LOCALIZARON DATOS

  • Cita de la fuente: LC/P

680 ## - NOTA PUBLICA DE ACCESO PÚBLICO

  • Frase explicativa de la referencia: Escritora, periodista ambiental y poeta de origen cubano residente en Estados Unidos

902 ## - CATALOGADOR

  • Catalogador: CAA/211021